000 00494cam a2200193ua 4500
020 _a0 7069 2886 5
_c35.00
041 _aeng
_h
082 _a632.4
_bDUB/TE
100 _aDube, H C .
245 _aText book of fungi bacteria and viruses /
_cH C Dube.
_hTextual Documents
250 _a1 /
_b.
260 _aNew Delhi :
_bVani Educational Books ,
_c1985.
300 _a240 ; .
365 _a35.00
504 _a
942 _cBK
999 _c7343
_d7343